| 000 | 00708nam a2200229Ia 4500 | ||
|---|---|---|---|
| 005 | 20220211153123.0 | ||
| 008 | 210716s2015 xx 000 0 und d | ||
| 020 | _a9781259097263 | ||
| 040 | _cAIMIT LIBRARY | ||
| 041 | _aeng | ||
| 082 |
_a658.3 _210 _bBYAL |
||
| 100 |
_aByars, Lloyd L. _919402 |
||
| 245 |
_aHuman resource management / _cBy Lloyd L Byars and Leslie W Rue. |
||
| 250 | _a10 | ||
| 260 |
_aNew Delhi : _bMc Graw Hill Book Company ; _c2015. |
||
| 300 |
_axiii, 414p ; _c27cm. |
||
| 650 |
_aJob analysis and job design _919403 |
||
| 650 |
_aRecruiting employees _919404 |
||
| 650 |
_aSelecting employees _919405 |
||
| 700 |
_aRue, Leslie W. _919406 |
||
| 942 |
_2ddc _cBK _e10th _k658.3 BYAL |
||
| 999 |
_c209262 _d209262 |
||